ARRUPE JESUIT UNIVERSITY

CORONAVIRUS -STOP THE SPREAD - CLEAN,DISINFECT,COVER

Sowing our Seeds (Record no. 120031)

MARC details
000 -LEADER
fixed length control field 00502nam a22001337a 4500
008 - FIXED-LENGTH DATA ELEMENTS--GENERAL INFORMATION
fixed length control field 140211b xxu||||| |||| 00| 0 eng d
050 ## - LIBRARY OF CONGRESS CALL NUMBER
Classification number HN49.C6S731 2006
245 ## - TITLE STATEMENT
Title Sowing our Seeds
Remainder of title strengthening citizen participation in local decision-making /
Statement of responsibility, etc Kathy Bond-Stewart
260 ## - PUBLICATION, DISTRIBUTION, ETC. (IMPRINT)
Place of publication, distribution, etc Harare
Name of publisher, distributor, etc Africa Community Publishing and Development Trust
Date of publication, distribution, etc 2006
300 ## - PHYSICAL DESCRIPTION
Extent p.
440 ## - SERIES STATEMENT/ADDED ENTRY--TITLE
Title Community Capacity Building series
Number of part/section of a work no.7
9 (RLIN) 8595
650 ## - SUBJECT ADDED ENTRY--TOPICAL TERM
Topical term or geographic name as entry element Community development
9 (RLIN) 8596
942 ## - ADDED ENTRY ELEMENTS (KOHA)
Source of classification or shelving scheme Library of Congress Classification
Item type Monograph ( Printed materials)
Holdings
Withdrawn status Lost status Source of classification or shelving scheme Damaged status Not for loan Home library Current library Shelving location Date acquired Total Checkouts Full call number Barcode Date last seen Price effective from Koha item type
    Library of Congress Classification     ARRUPE LIBRARY ARRUPE LIBRARY Main Collection 11/02/2014   HN49.C6S731 2006 46410589 30/04/2018 11/02/2014 Monograph ( Printed materials)

 

Arrupe Library. PO Box MP320 Mt Pleasant, Harare, Zimbabwe
263 242 745411|librarian@aju.ac.zw